00565cam a22002171 4500001001300000003000400013005001700017008004100034010001700075035002000092040001800112042001200130050001600142100004400158245003700202260001100239300002300250500001400273650004300287999001700330sa 65009738 DLC20260227112204.0890921s1962 ii 000 0 hino  asa 65009738  a(OCoLC)20379600 aDLCcWaUdDLC apremarc00aPK1939b.T51 aTivārī, Bholānātha,d1923-1989.10aVr̥hat paryāyavc̄ī kośa. c[1962] a13, 558 p.c23 cm. aIn Hindi. 0aHindi languagexSynonyms and antonyms. c66393d66393